Introduction to Management Accounting / (Record no. 13613)
[ view plain ]
| 000 -LEADER | |
|---|---|
| fixed length control field | 01980cam a22003255a 4500 |
| 001 - CONTROL NUMBER | |
| control field | 14762125 |
| 005 - DATE AND TIME OF LATEST TRANSACTION | |
| control field | 20150818100518.0 |
| 008 - FIXED-LENGTH DATA ELEMENTS--GENERAL INFORMATION | |
| fixed length control field | 070308s2008 njua frb 001 0 eng |
| 010 ## - LIBRARY OF CONGRESS CONTROL NUMBER | |
| LC control number | 2007009641 |
| 020 ## - INTERNATIONAL STANDARD BOOK NUMBER | |
| International Standard Book Number | 9780132405690 |
| 020 ## - INTERNATIONAL STANDARD BOOK NUMBER | |
| International Standard Book Number | 0132405695 |
| 040 ## - CATALOGING SOURCE | |
| Original cataloging agency | DLC |
| Language of cataloging | eng |
| Transcribing agency | DLC |
| Modifying agency | YDX |
| -- | BAKER |
| -- | BTCTA |
| -- | YDXCP |
| -- | DLC |
| -- | EG-ScBUE |
| 082 04 - DEWEY DECIMAL CLASSIFICATION NUMBER | |
| Classification number | 658.1511 |
| Item number | INT |
| Edition number | 22 |
| 245 00 - TITLE STATEMENT | |
| Title | Introduction to Management Accounting / |
| Statement of responsibility, etc | Charles T. Horngren ... [et al.]. |
| 250 ## - EDITION STATEMENT | |
| Edition statement | 14th ed., Pearson International ed. |
| 260 ## - PUBLICATION, DISTRIBUTION, ETC. (IMPRINT) | |
| Place of publication, distribution, etc | Upper Saddle River : |
| Name of publisher, distributor, etc | Pearson Prentice Hall, |
| Date of publication, distribution, etc | 2008. |
| 300 ## - PHYSICAL DESCRIPTION | |
| Extent | (various pagings) : |
| Other physical details | ill. (some col.) ; |
| Dimensions | 29 cm. |
| 490 #0 - Series Statement | |
| Series statement | Charles T. Horngren series in accounting |
| 500 ## - GENERAL NOTE | |
| General note | "Chapters 1-17"--Cover. |
| 500 ## - GENERAL NOTE | |
| General note | Includes glossary. |
| 500 ## - GENERAL NOTE | |
| General note | Includes index. |
| 504 ## - BIBLIOGRAPHY, ETC. NOTE | |
| Bibliography, etc | Includes bibliographical references. |
| 505 0# - FORMATTED CONTENTS NOTE | |
| Formatted contents note | Anagerial accounting, the business organization, and professional ethics -- Introduction to cost behavior and cost-volume relationships -- Measurement of cost behavior -- Cost management systems and activity-based costing -- Relevant information for decision making with a focus on pricing decisions -- Relevant information for decision making with a focus on operational decisions -- Introduction to budgets and preparing the master budget -- Flexible budgets and variance analysis -- Management control systems and responsibility accounting -- Management control in decentralized organizations -- Capital budgeting -- Cost allocation -- Accounting for overhead costs -- Job-costing and process-costing systems -- Basic accounting : concepts, techniques, and conventions -- Understanding corporate annual reports : basic financial statements -- Understanding and analyzing consolidated financial statements. |
| 650 #0 - SUBJECT ADDED ENTRY--TOPICAL TERM | |
| Topical term or geographic name as entry element | Managerial accounting. |
| Source of heading or term | BUEsh |
| 9 (RLIN) | 12380 |
| 651 ## - SUBJECT ADDED ENTRY--GEOGRAPHIC NAME | |
| Source of heading or term | BUEsh |
| 653 ## - INDEX TERM--UNCONTROLLED | |
| Resource For college | BAEPS, Business Administration |
| Arrived date list | August2015 |
| 655 ## - INDEX TERM--GENRE/FORM | |
| Form subdivision | |
| -- | 33728 |
| 700 1# - ADDED ENTRY--PERSONAL NAME | |
| Personal name | Horngren, CharlesT. |
| 9 (RLIN) | 12378 |
| 942 ## - ADDED ENTRY ELEMENTS (KOHA) | |
| Call number prefix | 658.1511 INT |
| Withdrawn status | Item status | Source of classification or shelving scheme | Damaged status | Not for loan | Vendor | Home library | Current library | Shelving location | Date acquired | Source of acquisition | Total Checkouts | Total Renewals | Full call number | Barcode | Date last seen | Date last borrowed | Koha item type | Materials specified (bound volume or other part) |
|---|---|---|---|---|---|---|---|---|---|---|---|---|---|---|---|---|---|---|
| Dewey Decimal Classification | Baccah | Central Library | Central Library | First floor | 09/03/2010 | 5 | 25 | 658.1511 INT | 000030390 | 15/07/2025 | 20/02/2020 | Book - Borrowing | ||||||
| Dewey Decimal Classification | Baccah | Central Library | Central Library | First floor | 09/03/2010 | 4 | 9 | 658.1511 INT | 000030397 | 15/07/2025 | 15/08/2010 | Book - Borrowing | ||||||
| Dewey Decimal Classification | Baccah | Central Library | Central Library | First floor | 09/03/2010 | 5 | 3 | 658.1511 INT | 000030391 | 15/07/2025 | 13/05/2010 | Book - Borrowing | ||||||
| Dewey Decimal Classification | Baccah | Central Library | Central Library | First floor | 09/03/2010 | 4 | 7 | 658.1511 INT | 000030392 | 15/07/2025 | 03/05/2010 | Book - Borrowing | ||||||
| Dewey Decimal Classification | Baccah | Central Library | Central Library | First floor | 09/03/2010 | 6 | 2 | 658.1511 INT | 000030396 | 15/07/2025 | 29/02/2012 | Book - Borrowing | ||||||
| Dewey Decimal Classification | Baccah | Central Library | Central Library | First floor | 09/03/2010 | 2 | 658.1511 INT | 000030398 | 15/07/2025 | 16/03/2010 | NB - Book (Non borrowing) | |||||||
| Dewey Decimal Classification | Baccah | Central Library | Central Library | First floor | 06/05/2010 | 3 | 15 | 658.1511 INT | 000030389 | 15/07/2025 | 22/07/2014 | Book - Borrowing | ||||||
| Lost | Dewey Decimal Classification | Baccah | Central Library | Central Library | First floor | 06/05/2010 | 4 | 1 | 658.1511 INT | 000030394 | 04/12/2023 | 22/03/2011 | Book - Borrowing | Lost_In_Inventory_12-2-2024 | ||||
| Dewey Decimal Classification | Baccah | Central Library | Central Library | First floor | 06/05/2010 | Purchase | 4 | 4 | 658.1511 INT | 000030395 | 15/07/2025 | 25/09/2018 | Book - Borrowing | |||||
| Dewey Decimal Classification | Baccah | Central Library | Central Library | First floor | 06/05/2010 | 2 | 658.1511 INT | 000030393 | 15/07/2025 | 08/08/2010 | Book - Borrowing |